<?xml version="1.0" encoding="UTF-8"?>
<marc:record xmlns:marc="http://www.loc.gov/MARC21/slim">
   <marc:leader>00000nam a2200000 a 4500</marc:leader>
   <marc:datafield ind1="1" ind2=" " tag="100">
      <marc:subfield code="a">Sanders-Brahms, Helma</marc:subfield>
      <marc:subfield code="4">aut</marc:subfield>
      <marc:subfield code="e">Verfasser/-in</marc:subfield>
   </marc:datafield>
   <marc:datafield ind1="1" ind2=" " tag="100">
      <marc:subfield code="a">Sanders-Brahms, Helma</marc:subfield>
   </marc:datafield>
   <marc:datafield ind1="1" ind2=" " tag="100">
      <marc:subfield code="a">Nowarra, Karin</marc:subfield>
   </marc:datafield>
   <marc:datafield ind1="0" ind2="0" tag="245">
      <marc:subfield code="a">Hermann mein Vater</marc:subfield>
   </marc:datafield>
   <marc:datafield ind1="0" ind2="0" tag="245">
      <marc:subfield code="c">Montage: Karin Nowarra; Produktion: Helma Sanders-Brahms; Stimme: Helma Sanders-Brahms; Drehbuch: Helma Sanders-Brahms; Kamera: Maurice Perrimont; Regie: Helma Sanders-Brahms</marc:subfield>
   </marc:datafield>
   <marc:datafield ind1=" " ind2="1" tag="264">
      <marc:subfield code="a">Potsdam</marc:subfield>
      <marc:subfield code="b">filmwerte GmbH</marc:subfield>
      <marc:subfield code="c">2022</marc:subfield>
   </marc:datafield>
   <marc:datafield ind1="1" ind2=" " tag="520">
      <marc:subfield code="a">&#x9b;Hermann mein Vater&#x8b; ist ein sehr persönlicher Dokumentarfilm: Helma Sanders-Brahms unternimmt mit ihrem Vater eine Reise nach Frankreich, sucht mit ihm die Stätten auf, wo er 1940 als deutscher Besatzer war, verfolgt die neuerliche Begegnung mit Menschen, die er damals kennengelernt hatte. Den Aufnahmen wird Dokumentarmaterial gegenübergestellt, das die Grausamkeit und Wucht des deutschen Überfalls auf Frankreich nachempfinden lässt. Die Regisseurin möchte ihren Vater mit der historischen Wahrheit konfrontieren und ein Schuldbekenntnis hören, dieser aber folgt eher seinen persönlichen Erinnerungen und entzieht sich der Konfrontation. (Text: Deutsche Kinemathek)</marc:subfield>
   </marc:datafield>
   <marc:datafield ind1=" " ind2=" " tag="041">
      <marc:subfield code="a">ger</marc:subfield>
   </marc:datafield>
   <marc:datafield ind1=" " ind2=" " tag="300">
      <marc:subfield code="a">1 Online-Ressource (54 min), Bild: 1,37:1 HD</marc:subfield>
   </marc:datafield>
</marc:record>
